000 00560nam a2200205 i 4500
001 bg
100 1 _aWAGNER, David B.
245 1 0 _aPower programming with Mathematica :
_bthe kernel.
260 _aNew York [etc.] :
_bMcGraw-Hill,
_ccop. 1996.
300 _aXVI, 434 s. :
_bwykr. ;
_c24 cm +
_edyskietka.
504 _aBibliogr. s.424-426. - Indeks.
650 9 _aMathematica
020 _a007912237X
040 _cBPK
041 0 _aen
080 _a004.451::51
920 _a0-07-912237-X
942 _cKS
008 s pl f |000 0 pol
999 _c36253
_d36253
856 _uhttp://koha.tu.koszalin.pl/cgi-bin/koha/opac-detail.pl?biblionumber=36253
_yKatalog online BPK